Loreto College Library, Kolkata
WEBOPAC (ONLINE PUBLIC ACCESS CATALOGUE)

Dhaka 1948-1971 (Record no. 38638)

MARC details
000 -LEADER
fixed length control field 00658nam a2200205Ia 4500
005 - DATE AND TIME OF LATEST TRANSACTION
control field 20221201113336.0
008 - FIXED-LENGTH DATA ELEMENTS--GENERAL INFORMATION
fixed length control field 131103s9999 xx 000 0 und d
020 ## - ISBN | অাই এস বি এন
PRICE Rs.230.00
040 ## - CATALOGING SOURCE
Original cataloging agency Loreto College
041 ## - LANGUAGE CODE
Language code English
082 ## - DDC | ডিউই
Classification number | বর্গসংখ্যা 954.92
Book Number | গ্রন্থাঙ্ক DHA
245 ## - TITLE STATEMENT | অাখ্যা বিবরণী
Title | অাখ্যা Dhaka 1948-1971
Sub title | উপঅাখ্যা An album of photographs
Statement of responsibility | লেখকের দায়িত্বের বিবরণ Edited by Muntassir Manoon and Hashem Khan;cover and book design by Qayyum Chowdhury,English translation by Syed Manzoorul Islam
250 ## - EDITION STATEMENT | সংস্করণ ক্ষেত্র
Edition statement | সংস্করণ 2nd ed
260 ## - IMPRINT | প্রকাশনা ক্ষেত্র
Place of publication | প্রকাশ স্থান Dhaka
Name of publisher | প্রকাশকের নাম Bangladesh Shilpakala Academy
Date of publication | প্রকাশ কাল 2010
300 ## - PHYSICAL DESCRIPTION |
Page / Vol. No | পৃষ্ঠা / খন্ড সংখ্যা 96p.
650 ## - SUBJECT ADDED ENTRY--TOPICAL TERM | বিষয় শিরোনাম - মূল বিষয়
Topical term | মূল বিষয় Dhaka-History-1948-1971
700 ## - ADDED ENTRY--PERSONAL NAME | অতিরিক্ত সংলেখ - ব্
Personal name | ব্যাক্তিনাম Manoon,Muntassir,ed.
850 ## - HOLDING INSTITUTION
Holding institution LCLIB
942 ## - ADDED ENTRY ELEMENTS (KOHA)
Koha item type Books
Holdings
Withdrawn status Lost status Source of classification Damaged status Not for loan Home library Current library Date acquired Total Checkouts Full call number Accession No. Date last seen Price effective from Koha item type Coded location qualifier
    Dewey Decimal Classification     Loreto College Loreto College 04/11/2013   954.92 DHA 50027 B42092 04/11/2013 04/11/2013 Books